{"text_format":"3","workbook":"xlsx","n_sheets":3,"sheets":["11 класс","10 класс","9 класс"],"not_rendered":{"defined_names":3},"read":"whole","date_system":"1900"}

{"sheet":"11 класс","index":0,"n_rows":60,"n_cols":19,"rows_kept":60,"merged":[[0,0,0,18]]}
["Список приглашенных на ЗЭ РОШ по геологии в 2025-2026 учебном году, 11 класс"]
["№","Район","Название ОУ","Фамилия","Имя","Отчество","Пол","Участник с ОВЗ","Класс","Класс участия","Балл","Добавлено баллов по итогам апелляции","Итоговый балл","Макс. балл","Статус","Призер республиканского / регионального этапа прошлого года","Учитель","Место работы учителя","Предмет"]
[1,"Авиастроительный район","Муниципальное бюджетное общеобразовательное учреждение \"Средняя общеобразовательная школа №54 с углубленным изучением отдельных предметов\" Авиастроительного района г. Казани","Гатауллин","Альмир","Равилевич","м","нет",11,11,84,0,84,100,"победитель",null,"Хабибуллина Н.р.","МБОУ\"Школа54\"","Геология"]
[2,"Азнакаевский район","Муниципальное бюджетное общеобразовательное учреждение \"Средняя общеобразовательная школа №1 п.г.т. Актюбинский\" Азнакаевского муниципального района РТ","Яркова","Анастасия","Владимировна","ж","нет",11,11,89,0,89,100,"победитель","Да","Шамсутдинова Зинира Альфритовна","МБОУ \"СОШ 1 пгт.Актюбинский\" Азнакаевского муниципального района РТ","Геология"]
[3,"Актанышский район","Муниципальное бюджетное общеобразовательное учреждение \"Актанышская средняя общеобразовательная школа №1\" Актанышского муниципального района Республики Татарстан","Ахмадишин","Раяз","Ленарович","м","нет",11,11,79.5,0,79.5,100,"победитель","Да","Галиева Зиля Ахатовна","МБОУ \"Актанышская СОШ №1\"","Геология"]
[4,"Алькеевский район","МБОУ \"Сиктерминская средняя общеобразовательная школа\" Алькеевского муниципального района Республики Татарстан","Филиппов","Ярослав","Сергеевич","м","нет",11,11,64,0,64,100,"победитель",null,"Емелюкова Н.т.","МБОУ \"Сиктерминская СОШ\"","Геология"]
[5,"Альметьевский район","Муниципальное автономное общеобразовательное учреждение \"Лицей №2\" г. Альметьевска РТ","Плотников","Никита","Сергеевич","м","нет",11,11,66,0,66,100,"победитель","Да","Киселева Ирина Борисовна","МАОУ \"Лицей №2\"","Геология"]
[6,"Альметьевский район","МАОУ «Лицей №2» г. Альметьевска Республики Татарстан","Комарова","Милана","Андреевна",{"$nulls":9},"да"]
[7,"Альметьевский район","Муниципальное автономное общеобразовательное учреждение \"Лицей №2\" г. Альметьевска РТ","Ситдиков","Булат","Ленарович","м","нет",11,11,64,0,64,100,"призер","Да","Киселева Ирина Борисовна","МАОУ \"Лицей №2\"","Геология"]
[8,"Альметьевский район","Муниципальное автономное общеобразовательное учреждение \"Лицей №2\" г. Альметьевска РТ","Фазлыев","Тимур","Ленарович","м","нет",11,11,58.5,0,58.5,100,"призер","Да","Киселева Ирина Борисовна","МАОУ \"Лицей №2\"","Геология"]
[9,"Альметьевский район","Муниципальное автономное общеобразовательное учреждение \"Лицей №2\" г. Альметьевска РТ","Ситдиков","Булат","Ленарович","м","нет",11,11,64,0,64,100,"призер","Да","Киселева Ирина Борисовна","МАОУ \"Лицей №2\"","Геология"]
[10,"Бавлинский район","Муниципальное бюджетное общеобразовательное учреждение \"Средняя общеобразовательная школа №6\"Бавлинского муниципального района Республики Татарстан","Шаяхметова","Ильвина","Ильдаровна","ж",null,11,11,81,0,81,100,"победитель",null,"Салахова Галина Алексеевна","Муниципальное бюджетное общеобразовательное учреждение \"Средняя общеобразовательная школа №6\"Бавлинского муниципального района Республики Татарстан","Геология"]
[11,"Бугульминский район","Муниципальное бюджетное учреждение образования гимназия №7 Бугульминского муниципального района Республики Татарстан","Никитина","Светлана","Алексеевна","ж","нет",11,11,88,0,88,100,"победитель","Да","Рашевская Светлана Николаевна","МБОУ гимназия № 7 Бугульминского МР РТ","Геология"]
[12,"Бугульминский район","Муниципальное бюджетное общеобразовательное учреждение лицей №2 Бугульминского муниципального района Республики Татарстан","Калимулин","Равиль","Рафаилевич","м","нет",11,11,79,0,79,100,"призер",null,"Солдаткина Л.н","МБОУ лицей №2","Геология"]
[13,"Бугульминский район","Муниципальное бюджетное общеобразовательное учреждение лицей №2 Бугульминского муниципального района Республики Татарстан","Лывина","Полина","Игоревна","ж","нет",11,11,67.5,0,67.5,100,"призер",null,"Скитина Л.н.","МБОУ лицей №2","Геология"]
[14,"Буинский район","МБОУ \"СОШ имени академика Р.З.Сагдеева \" Буинского муниципального района РТ","Шагалиева","Вилада","Робертовна","ж","нет",11,11,70,0,70,100,"победитель",null,"Бызова Марина Асгатовна","МБОУ \"СОШ имени Р.З.Сагдеева\"","Геология"]
[15,"Буинский район","Муниципальное бюджетное общеобразовательное учреждение \"Альшиховская средняя общеобразовательная школа Буинского муниципального района Республики Татарстан\"","Казаков","Николай","Владимирович","м","нет",11,11,66,0,66,100,"призер",null,"Гафурова Гульчачак Канафеевна","Муниципальное бюджетное общеобразовательное учреждение «Альшиховская средняя общеобразовательная школа Буинского муниципального района Республики Татарстан»","Геология"]
[16,"Буинский район","Муниципальное бюджетное общеобразовательное учреждение \"Лицей №2\" города Буинска Буинского муниципального района Республики Татарстан","Камалов","Ильнар","Ренатович","м","нет",11,11,64,0,64,100,"призер",null,"Вишнякова Зейтуна Миналиевна","МБОУ \"Лицей №2\" г.Буинска БМР РТ","Геология"]
[17,"Вахитовский район","Муниципальное автономное общеобразовательное учреждение \"Средняя общеобразовательная школа №39 с углубленным изучением английского языка\" Вахитовского района г. Казани","Шадова","Арина","Ахмедовна","ж","нет",11,11,67,0,67,100,"призер",null,"Незамеева Наталия Дмитриевна","МАОУ \"Школа №39\"","Геология"]
[18,"Высокогорский район","Муниципальное бюджетное общеобразовательное учреждение \"Ямашурминская средняя общеобразовательная школа Высокогорского муниципального района Республики Татарстан\"","Гарипов","Камиль","Фанисович","м","нет",11,11,64,0,64,100,"победитель",null,"Гиниятуллина Фидания Вагизовна","Муниципальное бюджетное общеобразовательное учреждение \"Ямашурминская средняя общеобразовательная школа Высокогорского муниципального района Республики Татарстан\"","Геология"]
[19,"Елабужский район","Муниципальное бюджетное общеобразовательное учреждение \"Средняя общеобразовательная школа №8\" Елабужского муниципального района Республики Татарстан","Гутян","Александр","Романович","ж","нет",11,11,90,0,90,100,"победитель",null,"Романенко Екатерина Андреевна","МБОУ «Средняя школа №8» ЕМР РТ","Геология"]
[20,"Елабужский район","Муниципальное бюджетное общеобразовательное учреждение \"Многопрофильный лицей №10\" Елабужского муниципального района Республики Татарстан","Жучкина","Екатерина","Павловна","ж","нет",11,11,82,0,82,100,"призер",null,"Баранова Надежда Анатольевна","МБОУ \"Многопрофильный лицей №10\" ЕМР РТ","Геология"]
[21,"Елабужский район","Муниципальное бюджетное общеобразовательное учреждение «Гимназия №1-Центр национального образования» Елабужского муниципального района Республики Татарстан","Сагитов","Билал","Расихович","м","нет",11,11,70,0,70,100,"участник","Да","Туркенич Александр Михайлович","МБОУ \"Гимназия №1-Центр национального образования\"","Геология"]
[22,"Заинский район","Муниципальное бюджетное общеобразовательное учреждение  \"Заинская средняя общеобразовательная школа №6\" Заинского муниципального района Республики Татарстан","Евстафьев","Даниил","Владиславович","м","нет",11,11,68.6,0,68.6,100,"победитель",null,"Идиятуллина Лилия Рафисовна","МБОУ \"ЗСОШ №6\"","Геология"]
[23,"Заинский район","Муниципальное бюджетное общеобразовательное учреждение  \"Заинская средняя общеобразовательная школа №6\" Заинского муниципального района Республики Татарстан","Галимова","Азалия","Ильгизовна","ж","нет",11,11,46,0,46,100,"участник","Да","Идиятуллина Лилия Рафисовна","МБОУ\"ЗСОШ№6\"","Геология"]
[24,"Зеленодольский район","Муниципальное бюджетное общеобразовательное учреждение «Средняя общеобразовательная школа №16 с углубленным изучением отдельных предметов Зеленодольского муниципального района Республики Татарстан»","Чапаева","Милена","Ярославовна","ж","нет",11,11,80,0,80,100,"победитель",null,"Галиуллина Алсу Искандаровна","МБОУ «СОШ №16 ЗМР РТ»","Геология"]
[25,"Кировский район","Муниципальное бюджетное общеобразовательное учреждение \"Гимназия №3 с татарским языком обучения\" Кировского района г.Казани","Гайнуллина","Алина","Наилевна","ж","нет",11,11,73,0,73,100,"призер",null,"Халикова Эльза Хатыповна","МБОУ \"Гимназия №3 с татарским языком обучения\"","Геология"]
[26,"Лениногорский район","Муниципальное бюджетное общеобразовательное учреждение «Средняя общеобразовательная школа №2» муниципального образования \"Лениногорский муниципальный район\" Республики Татарстан","Хуснутдинов","Амирхан","Булатович","м","нет",11,11,91,0,91,100,"победитель",null,"Нагимова Светлана Владимировна","Муниципальное бюджетное общеобразовательное учреждение \" Средняя общеобразовательная школа №2\" муниципального образования \"Лениногорский муниципальный район\" Республики Татарстан","Геология"]
[27,"Лениногорский район","Муниципальное бюджетное общеобразовательное учреждение «Средняя общеобразовательная школа №2» муниципального образования \"Лениногорский муниципальный район\" Республики Татарстан","Нагимова","Рената","Ильясовна","ж","нет",11,11,88,0,88,100,"победитель",null,"Нагимова Светлана Владимировна","Муниципальное бюджетное общеобразовательное учреждение \" Средняя общеобразовательная школа №2\" муниципального образования \"Лениногорский муниципальный район\" Республики Татарстан","Геология"]
[28,"Лениногорский район","МБОУ «Средняя общеобразовательная школа №2» муниципального образования «Лениногорский муниципальный район» Республики Татарстан","Демус","Анастасия","Романова",{"$nulls":9},"Да"]
[29,"Мамадышский район","Муниципальное бюджетное общеобразовательное учреждение \"Центр образования Лицей №2 имени академика Камиля Ахметовича Валиева города Мамадыш\" Мамадышского муниципального района Республики Татарстан","Салахова","Ильмира","Ильназовна","ж","нет",11,11,89,0,89,100,"победитель",null,"Мубаракзянова Надия Харисовна","Муницпальное бюджетное общеобразовательное учреждение \"Центр образования Лицей №2 им.ак К.А. Валиева г. Мамадыш\" Мамадышского муниципального района Республики Татарстан","Геология"]
[30,"Мамадышский район","Муниципальное бюджетное общеобразовательное учреждение \"Центр образования Лицей №2 имени академика Камиля Ахметовича Валиева города Мамадыш\" Мамадышского муниципального района Республики Татарстан","Шайдуллина","Фарида","Ильшатовна","ж","нет",11,11,67,0,67,100,"призер",null,"Мубаракзянова Надия Харисовна","Муницпальное бюджетное общеобразовательное учреждение \"Центр образования Лицей №2 им.ак К.А. Валиева г. Мамадыш\" Мамадышского муниципального района Республики Татарстан","Геология"]
[31,"Мамадышский район","Муниципальное бюджетное  общеобразовательное   учреждение   «Усалинская средняя общеобразовательная  школа»  Мамадышского  муниципального  района  Республики  Татарстан","Аксакова","Эльвира","Владиславовна","ж","нет",11,11,65,0,65,100,"призер",null,"Валиева Гузель Миннуловна","Муницпальное бюджетное общеобразовательное учреждение \"Усалинская   средняя общеобразовательная школа\" Мамадышского муниципального района Республики Татарстан","Геология"]
[32,"Мамадышский район","Муниципальное бюджетное  общеобразовательное   учреждение   «Усалинская средняя общеобразовательная  школа»  Мамадышского  муниципального  района  Республики  Татарстан","Аксакова","Эльвира","Владиславовна","ж","нет",11,11,65,0,65,100,"призер",null,"Валиева Гузель Миннуловна","Муницпальное бюджетное общеобразовательное учреждение \"Усалинская   средняя общеобразовательная школа\" Мамадышского муниципального района Республики Татарстан","Геология"]
[33,"Московский район","МАОУ «Лицей-интернат №2» Московского района г.Казани","Алимов","Айрат","Нагимович",{"$nulls":9},"да"]
[34,"Муслюмовский район","МБОУ \"Муслюмовская средняя общеобразовательная школа им.  Г. Тукая\"","Муратов","Абдельмалик","Венерович","м","нет",11,11,73,0,73,100,"победитель",null,"Хазеев Р.р.","Муслюмоская средняя общеобразовательная школа им.Г.Тукая","Геология"]
[35,"Набережные Челны","Муниципальное автономное общеобразовательное учреждение  \"Гимназия №77\"","Полевой","Никита","Евгеньевич","м","нет",11,11,79,5,84,100,"победитель","Да","Корелова Светлана Владимировна","Муниципальное автономное общеобразовательное учреждение \"Гимназия №77\"","Геология"]
[36,"Набережные Челны","Муниципальное автономное общеобразовательное учреждение  \"Гимназия №77\"","Гарашов","Наиль","Назимович","м","нет",11,11,69,0,69,100,"призер",null,"Корелова Светлана Владимировна","Муниципальное автономное общеобразовательное учреждение \"Гимназия №77\"","Геология"]
[37,"Нижнекамский район","Муниципальное бюджетное общеобразовательное учреждение \"Гимназия №22\" Нижнекамского муниципального района Республики Татарстан","Савельев","Захар","Антонович","м","нет",11,11,85,0,85,100,"победитель","Да","Латыпова Лилия Захраповна","Муниципальное бюджетное общеобразовательное учреждение \"Гимназия №22\" Нижнекамского муниципального района Республики Татарстан","Геология"]
[38,"Нижнекамский район","Муниципальное бюджетное общеобразовательное учреждение \"Гимназия №22\" Нижнекамского муниципального района Республики Татарстан","Зубаирова","Милана","Ринатовна","ж","нет",11,11,69.4,0,69.4,100,"участник","Да","Латыпова Лилия Захраповна","Муниципальное бюджетное общеобразовательное учреждение \"Гимназия №22\" Нижнекамского муниципального района Республики Татарстан","Геология"]
[39,"Нижнекамский район","Муниципальное бюджетное общеобразовательное учреждение \"Гимназия №22\" Нижнекамского муниципального района Республики Татарстан","Камалов","Расул","Ильсурович","м","нет",11,11,68,0,68,100,"участник",null,"Латыпова Лилия Захраповна","Муниципальное бюджетное общеобразовательное учреждение \"Гимназия №22\" Нижнекамского муниципального района Республики Татарстан","Геология"]
[40,"Нижнекамский район","Муниципальное бюджетное общеобразовательное учреждение \"Гимназия №22\" Нижнекамского муниципального района Республики Татарстан","Николаев","Илья","Дмитриевич","м","нет",11,11,63,0,63,100,"участник","Да","Латыпова Лилия Захраповна","Муниципальное бюджетное общеобразовательное учреждение \"Гимназия №22\" Нижнекамского муниципального района Республики Татарстан","Геология"]
[41,"Ново-Савиновский район","МБОУ \"Гимназия № 179-центр образования\" Ново-Савиновского района г.Казани","Белов","Александр","Петрович","м","нет",11,11,76,0,76,100,"призер",null,"Вилкова Людмила Петровна","МБОУ \"Гимназия №179-центр образования\"","Геология"]
[42,"Ново-Савиновский район","Муниципальное бюджетное общеобразовательное учреждение \"Гимназия №7 имени Героя России А.В.Козина\" Ново-Савиновского района г.Казани.","Пасынков","Иван","Сергеевич","м","нет",11,11,72,0,72,100,"призер",null,"Афанасьева Татьяна Александровна","МБОУ \"Гимназия №7\"","Геология"]
[43,"Ново-Савиновский район","МБОУ «Гимназия №7 имени Героя России А.В.Козина» Ново-Савиновского района г.Казани.","Савина","Милана","Сергеевна",{"$nulls":9},"да"]
[44,"Приволжский район","Муниципальное бюджетное общеобразовательное учреждение \"Лицей №83 - Центр образования\" Приволжского района г. Казани","Фазылзянов","Нурислам","Русланович","м","нет",11,11,77,0,77,100,"призер",null,"Бугрова Ольга Николаевна","МБОУ \"Лицей№83-ЦО\"","Геология"]
[45,"Приволжский район","СУНЦ-ОШИ «IT-лицей» ФГАОУ ВО «Казанский (Приволжский) федеральный университет»","Куликова ","Елизавета","Александровна",{"$nulls":9},"да"]
[46,"Приволжский район","Муниципальное бюджетное общеобразовательное учреждение \"Лицей №83 - Центр образования\" Приволжского района г. Казани","Садыкова","Аида","Альбертовна","ж","нет",11,11,40,0,40,100,"участник",null,"Бугрова Ольга Николаевна","МБОУ \"Лицей №83-Центр образования\"","Геология"]
[47,"Рыбно-Слободский район","Муниципальное бюджетное общеобразовательное учреждение «Кутлу-Букашская средняя общеобразовательная школа» Рыбно-Слободского муниципального района Республики Татарстан","Дильмухаметова","Зиля","Рамзилевна","ж","нет",11,11,75,0,75,100,"победитель",null,"Шакиров Наиль Нургалиевич","МБОУ \"Кутлу-Букашская СОШ\"","Геология"]
[48,"Советский район","Муниципальное бюджетное общеобразовательное учреждение \"Гимназия №93 имени А.С.Пушкина\" Советского района г.Казани","Артемьева","Елизавета","Алексеевна","ж","нет",11,11,73,0,73,100,"призер",null,"Шлямина Ирина Борисовна","МБОУ \"Гимназия №93 имени А.С.Пушкина\"","Геология"]
[49,"Советский район","МАОУ «Гимназия №141» Советского района г.Казани","Мубаракшин","Давид","Артурович",{"$nulls":9},"да"]
[50,"Советский район","Муниципальное бюджетное общеобразовательное учреждение \"Гимназия №8 - Центр образования\" Советского района г.Казани","Приходько","Виктория","Сергеевна","ж","да",11,11,60,0,60,100,"призер",null,"Леонтьева Лидия Евгеньевна","МБОУ \"Гимназия №8 - Центр образования\"","Геология"]
[51,"Тетюшский район","Муниципальное бюджетное общеобразовательное учреждение «Тетюшская средняя общеобразовательная школа №1 имени Героя Советского Союза Ханжина Павла Семеновича» Тетюшского муниципального района Республики Татарстан","Волков","Константин","Евгеньевич","м","нет",11,11,100,0,100,100,"победитель","Да","Горшкова Наталья Анатольевна","МБОУ\"ТСОШ№1им.Ханжина П.С.\"","Геология"]
[52,"Тукаевский район","Муниципальное бюджетное образовательное учреждение \"Мелекесская средняя общеобразовательная школа с углубленным изучением отдельных предметов\" Тукаевского муниципального района РТ","Казанцев","Андрей","Юрьевич","м","нет",11,11,65,0,65,100,"призер",null,"Иванова Чулпан Валентиновна","МБОУ «Мелекесская СОШ углубленным изучением отдельных предметов» Тукаевского муниципального района РТ","Геология"]
[53,"Черемшанский район","МБОУ \"Лашманская средняя общеобразовательная школа имени Минсагита Закировича Шакирова\"","Абунагимов","Риназ","Исхакович","м","нет",11,11,86.6,0,86.6,100,"победитель","Да","Мубаракшина Раушания Хадиевна","МБОУ \"Лашманская СОШ им.М.З.Шакирова\"","Геология"]
[54,"Черемшанский район","МБОУ \"Лашманская средняя общеобразовательная школа имени Минсагита Закировича Шакирова\"","Шарифуллин","Марсэль","Ильхамович","м","нет",11,11,85,0,85,100,"призер",null,"Мубаракшина Раушания Хадиевна","МБОУ \"Лашманская СОШ им.М.З.Шакирова\"","Геология"]
[55,"Черемшанский район","Муниципальное бюджетное общеобразовательное учреждение  \"Старокадеевская средняя общеобразовательная школа\"","МИНСАФИНА","ГУЗЕЛЬ","НИЯЗОВНА","ж","нет",11,11,64.6,0,64.6,100,"призер",null,"Лукманова Резидя Якуповна","МБОУ \"Старокадеевская СОШ\"","Геология"]
[56,"Чистопольский район","Муниципальное бюджетное общеобразовательное учреждение « Лицей № 1» Чистопольского муниципального района Республики Татарстан","Мингалимов","Амирхан","Ильшатович","м","нет",11,11,77.6,0,77.6,100,"победитель",null,"Голицина Наталья Михайловна","МБОУ \"Лицей №1\" Чистопольского муниципального района РТ","Геология"]
[57,"Чистопольский район","Муниципальное бюджетное общеобразовательное учреждение « Лицей № 1» Чистопольского муниципального района Республики Татарстан","Козлов","Дмитрий","Алексеевич","м","нет",11,11,69.6,0,69.6,100,"призер",null,"Голицина Наталья Михайловна","МБОУ \"Лицей №1\" Чистопольского муниципального района РТ","Геология"]
[58,"Ютазинский район","МБОУ \"Уруссинская гимназия\"","Мугинов","Алиш","Даниярович","м","нет",11,11,79.6,0,79.6,100,"победитель",null,"Галимова Зульфия Ханифовна","МБОУ \"Уруссинская гимназия\" Ютазинского МР РТ","Геология"]

{"sheet":"10 класс","index":1,"n_rows":57,"n_cols":19,"rows_kept":57,"merged":[[0,0,0,18]]}
["Список приглашенных на ЗЭ РОШ по геологии в 2025-2026 учебном году, 10 класс"]
["№","Район","Название ОУ","Фамилия","Имя","Отчество","Пол","Участник с ОВЗ","Класс","Класс участия","Балл","Добавлено баллов по итогам апелляции","Итоговый балл","Макс. балл","Статус","Призер республиканского / регионального этапа прошлого года","Учитель","Место работы учителя","Предмет"]
[1,"Авиастроительный район","Муниципальное бюджетное общеобразовательное учреждение \"Гимназия  N36\" Авиастроительного района г. Казани","Зиганшин","Эмиль","Асгатович","м","нет",10,10,89,0,89,100,"призер",null,"Макарова Гульнара Раисовна","МБОУ \"Гимназия №36\"","Геология"]
[2,"Авиастроительный район","Муниципальное бюджетное общеобразовательное учреждение \"Гимназия  N36\" Авиастроительного района г. Казани","Хайруллин","Булат","Ильнарович","м","нет",10,10,89,0,89,100,"призер",null,"Макарова Гульнара Раисовна","МБОУ \"Гимназия №36\"","Геология"]
[3,"Азнакаевский район","Муниципальное бюджетное общеобразовательное учреждение \"Средняя общеобразовательная школа №1 п.г.т. Актюбинский\" Азнакаевского муниципального района РТ","Нуртдинова","Зухра","Мосавировна","ж","нет",10,10,97,0,97,100,"победитель","Да","Шамсутдинова Зинира Альфритовна","МБОУ \"СОШ 1 пгт.Актюбинский\" Азнакаевского муниципального района РТ","Геология"]
[4,"Азнакаевский район","Муниципальное бюджетное общеобразовательное учреждение \"Средняя общеобразовательная школа №1 п.г.т. Актюбинский\" Азнакаевского муниципального района РТ","Хаминова","Валерия","Александровна","ж","нет",10,10,93,0,93,100,"призер","Да","Шамсутдинова Зинира Альфритовна","МБОУ \"СОШ 1 пгт.Актюбинский\" Азнакаевского муниципального района РТ","Геология"]
[5,"Азнакаевский район","Муниципальное бюджетное общеобразовательное учреждение \"Средняя общеобразовательная школа №1 п.г.т. Актюбинский\" Азнакаевского муниципального района РТ","Шафигуллина","Сылу","Ирековна","ж","нет",10,10,91,0,91,100,"призер",null,"Шамсутдинова Зинира Альфритовна","МБОУ \"СОШ 1 пгт.Актюбинский\" Азнакаевского муниципального района РТ","Геология"]
[6,"Азнакаевский район","Муниципальное бюджетное общеобразовательное учреждение \"Средняя общеобразовательная школа №1 п.г.т. Актюбинский\" Азнакаевского муниципального района РТ","Яркова","Александра","Александровна","ж","нет",10,10,89.9,0,89.9,100,"призер","Да","Шамсутдинова Зинира Альфритовна","МБОУ \"СОШ 1 пгт.Актюбинский\" Азнакаевского муниципального района РТ","Геология"]
[7,"Азнакаевский район","Муниципальное бюджетное общеобразовательное учреждение \"Средняя общеобразовательная школа №1 п.г.т. Актюбинский\" Азнакаевского муниципального района РТ","Гараева","Айзиля","Айратовна","ж","нет",10,10,89,0,89,100,"призер","Да","Шамсутдинова Зинира Альфритовна","МБОУ \"СОШ 1 пгт.Актюбинский\" Азнакаевского муниципального района РТ","Геология"]
[8,"Азнакаевский район","Муниципальное бюджетное общеобразовательное учреждение «Лицей №4 города Азнакаево» Азнакаевского муниципального района Республики Татарстан«Лицей № 4 г.Азнакаево»","Хабипова","Альмира","Ильдаровна","ж","нет",10,10,87,0,87,100,"участник","Да","Хабипова Регина Талгатовна","МБОУ «Лицей № 4 г.Азнакаево» АМР РТ","Геология"]
[9,"Азнакаевский район","Муниципальное бюджетное общеобразовательное учреждение \"Средняя общеобразовательная школа №1 п.г.т. Актюбинский\" Азнакаевского муниципального района РТ","Галиуллина","Сафина","Булатовна","ж","нет",10,10,84,0,84,100,"участник",null,"Шамсутдинова Зинира Альфритовна","МБОУ \"СОШ 1 пгт.Актюбинский\" Азнакаевского муниципального района РТ","Геология"]
[10,"Аксубаевский район","Муниципальное бюджетное общеобразовательное учреждение \"Аксубаевская средняя общеобразовательная школа №3\" Аксубаевского муниципального района Республики Татарстан","Тимкин","Игорь","Сергеевич","м",null,10,10,94,0,94,100,"победитель","Да","Пензенцева Екатерина Ивановна","Муниципальное бюджетное общеобразовательное учреждение \"Аксубаевская средняя общеобразовательная школа №3\" Аксубаевского муниципального района Республики Татарстан","Геология"]
[11,"Актанышский район","Муниципальное бюджетное общеобразовательное учреждение \"Актанышская средняя общеобразовательная школа №1\" Актанышского муниципального района Республики Татарстан","Шаймарданов","Ильзат","Аделевич","м","нет",10,10,54,0,54,100,"призер","Да","Галиева Зиля Ахатовна","МБОУ \"Актанышская СОШ №1\"","Геология"]
[12,"Альметьевский район","Муниципальное автономное общеобразовательное учреждение \"Лицей №2\" г. Альметьевска РТ","Гатин","Эмиль","Радикович","м","нет",10,10,68,0,68,100,"призер","Да","Киселева Ирина Борисовна","МАОУ \"Лицей №2\"","Геология"]
[13,"Арский район","Муниципальное бюджетное общеобразовательное учреждение «Новокинерская средняя общеобразовательная школа имени Героя Социалистического Труда Стеллы Закиевны Габдрахмановой» Арского муниципального района Республики Татарстан","Гарифзянова","Амалия","Рафаэлевна","ж",null,10,10,93.5,0,93.5,100,"победитель",null,"Ахметова И.м.","МБОУ \"Новокинерская СОШ имени С.З. Габдрахмановой\"","Геология"]
[14,"Арский район","Муниципальное бюджетное общеобразовательное учреждение «Новокинерская средняя общеобразовательная школа имени Героя Социалистического Труда Стеллы Закиевны Габдрахмановой» Арского муниципального района Республики Татарстан","Хакимзянов","Булат","Фаргатович","м",null,10,10,89,0,89,100,"призер",null,"Ахметова И.м.","МБОУ \"Новокинерская СОШ имени С.З. Габдрахмановой\"","Геология"]
[15,"Балтасинский район","муниципальное бюджетное общеобразовательное учреждение \"Смаильская средняя общеобразовательная школа имени Героя Советского Союза Г.Г.Гильмутдинова\"\"","Галимзянова","Диана","Рамилевна","ж","нет",10,10,88.3,0,88.3,100,"победитель",null,"Шайхутдинова М.х.","МБОУ\"Смаильская СОШим.Г.Г.Гильмутдинова\"","Геология"]
[16,"Балтасинский район","Муниципальное бюджетное общеобразовательное учреждение \"Мало-Лызинская средняя общеобразовательная школа\"","Сидоров","Иван","Венияминович","м","нет",10,10,87.4,0,87.4,100,"призер",null,"Егорова Вероника Вениаминовна","МБОУ \"Мало-Лызинская средняя общеобразовательная школа\"","Геология"]
[17,"Бугульминский район","Муниципальное бюджетное учреждение образования гимназия №7 Бугульминского муниципального района Республики Татарстан","Сапрыкин","Глеб","Александрович","м","нет",10,10,87,0,87,100,"победитель","Да","Рашевская Светлана Николаевна","МБОУ гимназия № 7 Бугульминского МР РТ","Геология"]
[18,"Буинский район","МБОУ \"Гимназия им.Вахитова г.Буинска РТ\"","Камалов","Камиль","Ильдарович","м","нет",10,10,93,0,93,100,"победитель",null,"Зиннатуллин Л.б.","МБОУ \"Гимназия имени М.М.Вахитова\"","Геология"]
[19,"Вахитовский район","Муниципальное бюджетное общеобразовательное учреждение \"Средняя общеобразовательная татарско-русская школа №80 с углубленным изучением отдельных предметов имени Каюма Насыри\" Вахитовского района г. Казани","Набиева","Эмилия","Теймуровна","ж","нет",10,10,95,0,95,100,"победитель",null,"Насибуллина Талия Мансуровна","МБОУ \"Школа №80 им.К.Насыри\"","Геология"]
[20,"Дрожжановский район","МБОУ \"Стародрожжановский многопрофильный лицей\"","Ахметова","Гульназ","Дамировна","ж","нет",10,10,82.5,0,82.5,100,"победитель",null,"Алтынбаева Марина Николаевна","МБОУ \"Стародрожжановский многопрофильный лицей\"","Геология"]
[21,"Елабужский район","Муниципальное бюджетное общеобразовательное учреждение \"Многопрофильный лицей №10\" Елабужского муниципального района Республики Татарстан","Муллахметов","Раиль","Маселевич","м","нет",10,10,88,0,88,100,"победитель",null,"Баранова Надежда Анатольевна","МБОУ \"Многопрофильный лицей №10\" ЕМР РТ","Геология"]
[22,"Зеленодольский район","Муниципальное бюджетное общеобразовательное учреждение «Лицей №9 имени А. С. Пушкина Зеленодольского муниципального района Республики Татарстан»","Гарипова","София","Фаридовна","ж","нет",10,10,100,0,100,100,"победитель","Да","Ахметшина София Ильсяровна","МБОУ «Лицей № 9 имени А.С.Пушкина ЗМР РТ»","Геология"]
[23,"Зеленодольский район","Муниципальное бюджетное общеобразовательное учреждение «Лицей №9 имени А. С. Пушкина Зеленодольского муниципального района Республики Татарстан»","Саттарова","Ильсина","Ринатовна","ж","нет",10,10,91,0,91,100,"призер",null,"Ахметшина София Ильсяровна","МБОУ «Лицей № 9 имени А.С.Пушкина ЗМР РТ»","Геология"]
[24,"Зеленодольский район","Муниципальное бюджетное общеобразовательное учреждение «Лицей №9 имени А. С. Пушкина Зеленодольского муниципального района Республики Татарстан»","Романова","Анастасия","Владимировна","ж","нет",10,10,89,0,89,100,"призер",null,"Ахметшина София Ильсяровна","МБОУ «Лицей № 9 имени А.С.Пушкина ЗМР РТ»","Геология"]
[25,"Зеленодольский район","Муниципальное бюджетное общеобразовательное учреждение «Лицей №9 имени А. С. Пушкина Зеленодольского муниципального района Республики Татарстан»","Гайнутдинова","Азалия","Айратовна","ж","нет",10,10,85,0,85,100,"призер",null,"Ахметшина София Ильсяровна","МБОУ «Лицей № 9 имени А.С.Пушкина ЗМР РТ»","Геология"]
[26,"Камско-Устьинский район","Муниципальное бюджетное общеобразовательное учреждение «Затонская средняя общеобразовательная школа имени Василия Петровича Муравьева» Камско-Устьинского муниципального района","Яранов","Михаил","Михайлович","м",null,10,10,90.5,0,90.5,100,"победитель",null,"Шулаева Т.а.","МБОУ \"Затонская СОШ имени В.П.Муравьева\"","Геология"]
[27,"Камско-Устьинский район","Муниципальное бюджетное общеобразовательное учреждение «Теньковская средняя общеобразовательная школа» Камско-Устьинского муниципального района","Кислякова","Татьяна","Алексеевна","ж",null,10,10,82,0,82,100,"победитель",null,"Авдейчева Л.ю.","МБОУ \"Теньковская СОШ\"","Геология"]
[28,"Кукморский район","Муниципальное бюджетное общеобразовательное учреждение \"Средняя общеобразовательная школа им. С.А. Ахтямова с. Манзарас» Кукморского муниципального района Республики Татарстан","Ахметзянова","Айлина","Руслановна","ж",null,10,10,97.6,0,97.6,100,"победитель",null,"Набиев Тагир Газизович","муниципальное бюджетное общеобразовательное учреждение «Средняя общеобразовательная школа им.С.А.Ахтямова с.Манзарас» Кукморского муниципального района Республики Татарстан","Геология"]
[29,"Кукморский район","Муниципальное бюджетное общеобразовательное учреждение \"Средняя общеобразовательная школа им. С.А. Ахтямова с. Манзарас» Кукморского муниципального района Республики Татарстан","Мухаметов","Ильназ","Ришатович","м",null,10,10,97.6,0,97.6,100,"победитель",null,"Набиев Тагир Газизович","муниципальное бюджетное общеобразовательное учреждение «Средняя общеобразовательная школа им.С.А.Ахтямова с.Манзарас» Кукморского муниципального района Республики Татарстан","Геология"]
[30,"Кукморский район","Муниципальное бюджетное общеобразовательное учреждение  “Средняя общеобразовательная школа им.Г.Г.Гарифуллина с.Ядыгерь” Кукморского муниципального района Республики Татарстан","Галимуллина","Ризаля","Ришатовна","ж",null,10,10,96,0,96,100,"призер","Да","Бикбаева Зульфия Файзелхаковна","Муниципальное бюджетное общеобразовательное учреждение\n“Средняя общеобразовательная школа им.Г.Г.Гарифуллина с.Ядыгерь”\nКукморского муниципального района Республики Татарстан","Геология"]
[31,"Кукморский район","Муниципальное бюджетное общеобразовательное учреждение \"Средняя общеобразовательная школа им. С.А. Ахтямова с. Манзарас» Кукморского муниципального района Республики Татарстан","Гарифуллина","Айгуль","Маратовна","ж",null,10,10,93.5,0,93.5,100,"призер",null,"Набиев Тагир Газизович","муниципальное бюджетное общеобразовательное учреждение «Средняя общеобразовательная школа им.С.А.Ахтямова с.Манзарас» Кукморского муниципального района Республики Татарстан","Геология"]
[32,"Кукморский район","Муниципальное бюджетное общеобразовательное учреждение «Многопрофильный лицей им.А.М.Булатова г. Кукмор» Кукморского муниципального района Республики Татарстан","Уразаева","Аделина","Рустамовна","ж",null,10,10,93,0,93,100,"призер",null,"Туктамышева Альбина Робертовна","Муниципальное бюджетное общеобразовательное учреждение «Многопрофильный лицей им.А.М.Булатова г. Кукмор» Кукморского муниципального района Республики Татарстан","Геология"]
[33,"Кукморский район","Муниципальное бюджетное общеобразовательное учреждение «Средняя общеобразовательная школа с. Село-Чура» Кукморского муниципального района Республики Татарстан","Федоров","Адриан","Рафаилович","м",null,10,10,89.8,0,89.8,100,"призер",null,"Игушина Азалия Музиповна","муниципальное бюджетное общеобразовательное учреждение \"Средняя общеобразовательная школа с. Село-Чура\" Кукморского муниципального района Республики Татарстан","Геология"]
[34,"Кукморский район","Муниципальное бюджетное общеобразовательное учреждение «Кукморская средняя школа №3» Кукморского муниципального района Республики Татарстан","Идиятова","Малика","Руслановна","ж",null,10,10,82.5,0,82.5,100,"призер",null,"Ярмухаметова Альбина Габдулбаровна","Муниципальное бюджетное общеобразовательное учреждение \"Кукморская средняя школа №3\" Кукморского муниципального района Республики Татарстан","Геология"]
[35,"Лениногорский район","Муниципальное бюджетное общеобразовательное учреждение \"Шугуровская средняя общеобразовательная школа имени Валерия Павловича Чкалова\" муниципального образования \"Лениногорский муниципальный район\" Республики Татарстан","Шайдуллина","Рамина","Рамилевна","ж",null,10,10,90,0,90,100,"победитель","Да","Гильманов Н.а.","МБОУ \"Шугуровская СОШ им.В.П.Чкалова\" МО \"Лениногорский муниципальный район\" РТ","Геология"]
[36,"Лениногорский район","Муниципальное бюджетное общеобразовательное учреждение «Средняя общеобразовательная школа №2» муниципального образования \"Лениногорский муниципальный район\" Республики Татарстан","Кашапов","Камиль","Рафаэлевич","м","нет",10,10,88,0,88,100,"победитель",null,"Нагимова Светлана Владимировна","Муниципальное бюджетное общеобразовательное учреждение \" Средняя общеобразовательная школа №2\" муниципального образования \"Лениногорский муниципальный район\" Республики Татарстан","Геология"]
[37,"Набережные Челны","Муниципальное автономное\nобщеобразовательное учреждение города Набережные Челны «Гимназия №76»","Кабак","Дарья","Дмитриевна","ж","нет",10,10,66.5,0,66.5,100,"призер","Да","Сальникова Елена Леонидовна","Муниципальное автономное общеобразовательное учреждение города Набережные Челны \"Гимназия №76\"","Геология"]
[38,"Набережные Челны","Муниципальное бюджетное общеобразовательное учреждение \"Многопрофильная школа №39\"","Ямалутдинов","Азат","Равилевич","м","нет",10,10,43.5,0,43.5,100,"участник","Да","Имамова Анзия Рафитовна","МБОУ \"Многопрофильная средняя общеобразовательная школа № 39\"","Геология"]
[39,"Нижнекамский район","Муниципальное бюджетное общеобразовательное учреждение \"Гимназия №22\" Нижнекамского муниципального района Республики Татарстан","Гильмуллина","Гульшат","Маратовна","ж","нет",10,10,78.5,0,78.5,100,"победитель","Да","Латыпова Лилия Захраповна","Муниципальное бюджетное общеобразовательное учреждение \"Гимназия №22\" Нижнекамского муниципального района Республики Татарстан","Геология"]
[41,"Приволжский район","Специализированный учебный научный центр – общеобразовательная школа-интернат «IT-лицей» федерального государственного автономного образовательного учреждения высшего образования «Казанский (Приволжский) федеральный университет»","Толпейкина","Юлия","Дмитриевна","ж","нет",10,10,88,0,88,100,"призер",null,"Куликов Александр Михайлович","СУНЦ IT-лицей КФУ","Геология"]
[42,"Приволжский район","Специализированный учебный научный центр – общеобразовательная школа-интернат «IT-лицей» федерального государственного автономного образовательного учреждения высшего образования «Казанский (Приволжский) федеральный университет»","Кайнова","Алиса","Андреевна","ж","нет",10,10,87,0,87,100,"призер",null,"Куликов Александр Михайлович","СУНЦ IT-лицей КФУ","Геология"]
[43,"Приволжский район","Специализированный учебный научный центр – общеобразовательная школа-интернат «IT-лицей» федерального государственного автономного образовательного учреждения высшего образования «Казанский (Приволжский) федеральный университет»","Юсупов","Арслан","Рамилевич","м","нет",10,10,77,0,77,100,"призер","Да","Куликов Александр Михайлович","СУНЦ IT-лицей КФУ","Геология"]
[44,"Приволжский район","Специализированный учебный научный центр – общеобразовательная школа-интернат «IT-лицей» федерального государственного автономного образовательного учреждения высшего образования «Казанский (Приволжский) федеральный университет»","Платов","Иван","Андреевич","м","нет",10,10,73,0,73,100,"призер","да","Куликов Александр Михайлович","СУНЦ IT-лицей КФУ","Геология"]
[45,"Приволжский район","Специализированный учебный научный центр – общеобразовательная школа-интернат «IT-лицей» федерального государственного автономного образовательного учреждения высшего образования «Казанский (Приволжский) федеральный университет»","Калимуллин","Радмир","Раилевич","м","нет",10,10,64,0,64,100,"призер","Да","Куликов Александр Михайлович","СУНЦ IT-лицей КФУ","Геология"]
[46,"Приволжский район","Специализированный учебный научный центр – общеобразовательная школа-интернат «IT-лицей» федерального государственного автономного образовательного учреждения высшего образования «Казанский (Приволжский) федеральный университет»","Ахметова","Диляра","Римовна","ж","нет",10,10,61,0,61,100,"призер","Да","Куликов Александр Михайлович","СУНЦ IT-лицей КФУ","Геология"]
[47,"Советский район","Муниципальное бюджетное общеобразовательное учреждение \"Гимназия №93 имени А.С.Пушкина\" Советского района г.Казани","Попов","Максим","Кириллович","ж","нет",10,10,95,0,95,100,"победитель",null,"Шлямина Ирина Борисовна","МБОУ \"Гимназия №93 имени А.С.Пушкина\"","Геология"]
[48,"Советский район","Муниципальное бюджетное общеобразовательное учреждение \"Гимназия №93 имени А.С.Пушкина\" Советского района г.Казани","Ефимов","Александр","Александрович","ж","нет",10,10,69,0,69,100,"призер","да","Шлямина Ирина Борисовна","МБОУ \"Гимназия №93 имени А.С.Пушкина\"","Геология"]
[49,"Советский район","Муниципальное бюджетное общеобразовательное учреждение \"Гимназия №93 имени А.С.Пушкина\" Советского района г.Казани","Долгова","Анастасия","Дмитриевна","ж","нет",10,10,62,0,62,100,"призер","Да","Шлямина Ирина Борисовна","МБОУ \"Гимназия №93 имени А.С.Пушкина\"","Геология"]
[50,"Советский район","Муниципальное автономное общеобразовательное учреждение \"Многопрофильный лицей №11\" Советского района г.Казань","Мухтарова","Алия","Ленаровна","ж","нет",10,10,60,0,60,100,"призер","Да","Киямова Алия Галиакберовна","МАОУ \"Многопрофильный лицей № 11\"","Геология"]
[51,"Советский район","Муниципальное бюджетное общеобразовательное учреждение \"Гимназия №93 имени А.С.Пушкина\" Советского района г.Казани","Видяйкин","Алексей","Родионович","м","нет",10,10,41,0,41,100,"участник","Да","Шлямина Ирина Борисовна","МБОУ \"Гимназия №93 имени А.С.Пушкина\"","Геология"]
[52,"Советский район","Муниципальное бюджетное общеобразовательное учреждение \"Гимназия №93 имени А.С.Пушкина\" Советского района г.Казани","Нуртдинов","Фархад","Фазылович","ж","нет",10,10,32,0,32,100,"участник","Да","Шлямина Ирина Борисовна","МБОУ \"Гимназия №93 имени А.С.Пушкина\"","Геология"]
[53,"Черемшанский район","МБОУ \"Лашманская средняя общеобразовательная школа имени Минсагита Закировича Шакирова\"","Талипова","Амира","Анасовна","ж","нет",10,10,85,0,85,100,"победитель",null,"Мубаракшина Раушания Хадиевна","МБОУ \"Лашманская СОШ им.М.З.Шакирова\"","Геология"]
[54,"Чистопольский район","Муниципальное бюджетное общеобразовательное учреждение « Лицей № 1» Чистопольского муниципального района Республики Татарстан","Джабулаев","Дамир","Салаватович","м","нет",10,10,85.66,0,85.66,100,"победитель",null,"Голицина Наталья Михайловна","МБОУ \"Лицей №1\" Чистопольского муниципального района РТ","Геология"]
[55,"Ютазинский район","МБОУ \"Уруссинская СОШ № 3\"","Кутлиев","Искандер","Ильнурович","м","нет",10,10,91.9,0,91.9,100,"победитель",null,"Миллер Гейнрих Эдуардович","МБОУ \"Уруссинская СОШ № 3\" Ютазинского МР РТ","Геология"]
[56,"Ютазинский район","МБОУ \"Каразерикская СОШ им. Г.Вильданова\"","Мингалеева","Милена","Илькамовна","ж","нет",10,10,82,0,82,100,"призер",null,"Шакирова Миляуша Миннеяровна","МБОУ \"Каразерикская СОШ им. Г.Вильданова\" Ютазинского МР РТ","Геология"]

{"sheet":"9 класс","index":2,"n_rows":52,"n_cols":19,"rows_kept":52,"merged":[[0,0,0,18]]}
["Список приглашенных на ЗЭ РОШ по геологии в 2025-2026 учебном году, 9 класс"]
["№","Район","Название ОУ","Фамилия","Имя","Отчество","Пол","Участник с ОВЗ","Класс","Класс участия","Балл","Добавлено баллов по итогам апелляции","Итоговый балл","Макс. балл","Статус","Призер республиканского / регионального этапа прошлого года","Учитель","Место работы учителя","Предмет"]
[1,"Азнакаевский район","Муниципальное бюджетное общеобразовательное учреждение \"Средняя общеобразовательная школа №1 п.г.т. Актюбинский\" Азнакаевского муниципального района РТ","Есипова","Елизавета","Дмитриевна","ж","нет",9,9,94,0,94,100,"победитель",null,"Шамсутдинова Зинира Альфритовна","МБОУ \"СОШ 1 пгт.Актюбинский\" Азнакаевского муниципального района РТ","Геология"]
[2,"Аксубаевский район","Муниципальное бюджетное общеобразовательное учреждение \"Аксубаевская средняя общеобразовательная школа №3\" Аксубаевского муниципального района Республики Татарстан","Вафина","Эльвина","Альбертовна","ж",null,9,9,91,0,91,100,"победитель","Да","Пензенцева Екатерина Ивановна","Муниципальное бюджетное общеобразовательное учреждение \"Аксубаевская средняя общеобразовательная школа №3\" Аксубаевского муниципального района Республики Татарстан","Геология"]
[3,"Аксубаевский район","Муниципальное бюджетное общеобразовательное учреждение \"Аксубаевская средняя общеобразовательная школа №3\" Аксубаевского муниципального района Республики Татарстан","Сергеева","Софья","Николаевна","ж",null,9,9,89.5,0,89.5,100,"призер",null,"Пензенцева Екатерина Ивановна","Муниципальное бюджетное общеобразовательное учреждение \"Аксубаевская средняя общеобразовательная школа №3\" Аксубаевского муниципального района Республики Татарстан","Геология"]
[4,"Актанышский район","Государственное автономное общеобразовательное учреждение  \"Гуманитарная гимназия-интернат для одаренных детей\"","Гарипов","Тимур","Русланович","м","нет",9,9,84,0,84,100,"победитель","Да","Файзуллин Рустам Уелович","ГАОУ \"Гуманитарная гимназия-интернат для одарённых детей\"","Геология"]
[5,"Актанышский район","Государственное автономное общеобразовательное учреждение  \"Гуманитарная гимназия-интернат для одаренных детей\"","Хафизов","Ильяр","Ильдарович","м","нет",9,9,82.5,0,82.5,100,"призер",null,"Файзуллин Рустам Уелович","ГАОУ \"Гуманитарная гимназия-интернат для одарённых детей\"","Геология"]
[6,"Актанышский район","Государственное автономное общеобразовательное учреждение  \"Гуманитарная гимназия-интернат для одаренных детей\"","Саетов","Азат","Алмазович","м","нет",9,9,74,0,74,100,"призер",null,"Файзуллин Рустам Уелович","ГАОУ \"Гуманитарная гимназия-интернат для одарённых детей\"","Геология"]
[7,"Алексеевский район","Муниципальное бюджетное общеобразовательное учреждение Алексеевская средняя общеобразовательная школа №3 им. Г.С. Боровикова Алексеевского муниципального района Республики Татарстан","Толстой","Руслан","Максимович","м",null,9,9,76,0,76,100,"победитель",null,"Левина Гульназ Фанисовна","Муниципальное бюджетное общеобразовательное учреждение Алексеевская средняя общеобразовательная школа №3 им. Г.С. Боровикова Алексеевского муниципального района Республики Татарстан","Геология"]
[8,"Арский район","Муниципальное бюджетное общеобразовательное учреждение «Ашитбашская средняя общеобразовательная школа имени Г.Тукая» Арского муниципального района Республики Татарстан","Файзрахманов","Султан","Ильшатович","м",null,9,9,83,0,83,100,"победитель","да","Гизатуллина Гелюся Хабировна","МБОУ \"Ашитбашская СОШ имени Г.Тукая\"","Геология"]
[9,"Бугульминский район","Муниципальное бюджетное общеобразовательное учреждение средняя общеобразовательная школа №3 с углубленным изучением отдельных предметов Бугульминского муниципального района Республики татарстан","Мамин","Данил","Рамилевич","м","нет",9,9,81,0,81,100,"победитель",null,"Севрюкова Н.н","МБОУ СОШ №3 Бугульминского муниципального района РТ","Геология"]
[10,"Верхнеуслонский район","Муниципальное бюджетное общеобразовательное учреждение «Верхнеуслонская гимназия имени Героя Советского Союза Зиннурова Набиуллы Шафиговича» Верхнеуслонского муниципального района Республики Татарстан","Милованова","Анна","Дмитриевна","ж",null,9,9,94,0,94,100,"победитель",null,"Карпова Наталья Евгеньевна","МБОУ \"Верхнеуслонская гимназия им.Зиннурова Н.Ш.\"","Геология"]
[11,"Верхнеуслонский район","Муниципальное бюджетное общеобразовательное учреждение «Верхнеуслонская гимназия имени Героя Советского Союза Зиннурова Набиуллы Шафиговича» Верхнеуслонского муниципального района Республики Татарстан","Куприянов","Вадим","Николаевич","м",null,9,9,84,0,84,100,"победитель",null,"Карпова Наталья Евгеньевна","МБОУ \"Верхнеуслонская гимназия им.Зиннурова Н.Ш.\"","Геология"]
[12,"Елабужский район","Муниципальное бюджетное общеобразовательное учреждение  \"Средняя общеобразовательная школа №1\" Елабужского муниципального района Республики Татарстан","Исламов","Самат","Ильнарович","м","нет",9,9,77,0,77,100,"победитель",null,"Баймуратова Язила Галимяновна","МБОУ \"Средняя школа №1\" ЕМР РТ","Геология"]
[13,"Заинский район","Муниципальное бюджетное общеобразовательное учреждение \"Заинская средняя общеобразовательная школа №2\" Заинского муниципального района Республики Татарстан","Скибин","Владислав","Сергеевич","м",null,8,9,81,0,81,100,"победитель",null,"Камалиева Рена Фархадовна","МБОУ ЗСОШ №2","Геология"]
[14,"Заинский район","Муниципальное бюджетное общеобразовательное учреждение «Татарская гимназия имени Р.Ш. Фардиева» Заинского муниципального района Республики Татарстан.","Кондратьева","Анна","Михаиловна","ж","нет",9,9,80,0,80,100,"призер",null,"Бариев Рафил Миниразимович","МБОУ \"Татарская гимназия имени Р.Ш. Фардиева\"","Геология"]
[15,"Кировский район","Муниципальное автономное общеобразовательное учреждение \"Гимназия-интернат №4\" Кировского района г.Казани","Сафина","Регина","Руслановна","ж","нет",9,9,76,0,76,100,"призер","да","Вафина Зулейха Набиулловна","МАОУ \"Гимназия-интернат №4\"","Геология"]
[16,"Кировский район","Муниципальное автономное общеобразовательное учреждение \"Гимназия-интернат №4\" Кировского района г.Казани","Нигматова","Амалия","Рамилевна","ж","нет",9,9,75,0,75,100,"призер",null,"Вафина Зулейха Набиулловна","МАОУ \"Гимназия-интернат №4\"","Геология"]
[17,"Кукморский район","Муниципальное бюджетное общеобразовательное учреждение «Средняя общеобразовательная школа села Средний Кумор» Кукморского муниципального района Республики Татарстан","Федоров","Евгений","Олегович","м",null,9,9,97,0,97,100,"победитель","Да","Федоров Александр Витальевич","Муниципальное бюджетное общеобразовательное учреждение \"Средняя общеобразовательная школа села Средний Кумор\" Кукморского муниципального района Республики Татарстан","Геология"]
[18,"Кукморский район","Муниципальное  бюджетное общеобразовательное учреждение «Байлянгарская средняя школа имени Р.И.Зарипова» Кукморского муниципального района Республики Татарстан","Доминова","Гулина","Абдулловна","ж",null,9,9,87,0,87,100,"призер",null,"Салимзянова Ильзия Ильясовна","Муниципальное бюджетное общеобразовательное учреждение «Байлянгарская средняя школа имени Р.И.Зарипова» Кукморского муниципального района Республики Татарстан","Геология"]
[19,"Кукморский район","Муниципальное бюджетное общеобразовательное учреждение \"Средняя общеобразовательная школа им. С.А. Ахтямова с. Манзарас» Кукморского муниципального района Республики Татарстан","Миннемуллин","Камиль","Ильнурович","м",null,9,9,60,0,60,100,"призер","Да","Набиев Тагир Газизович","муниципальное бюджетное общеобразовательное учреждение «Средняя общеобразовательная школа им.С.А.Ахтямова с.Манзарас» Кукморского муниципального района Республики Татарстан","Геология"]
[20,"Лениногорский район","Муниципальное бюджетное общеобразовательное учреждение «Средняя общеобразовательная школа №8 г.Лениногорска» муниципального образования\" Лениногорский муниципальный район\" Республики Татарстан","Низамова","Алина","Альбертовна","ж",null,9,9,75,0,75,100,"победитель",null,"Уденеева Светлана Николаевна","МБОУ \"СОШ №8\"","Геология"]
[21,"Мамадышский район","Муниципальное бюджетное общеобразовательное учреждение \"Центр образования Лицей №2 имени академика Камиля Ахметовича Валиева города Мамадыш\" Мамадышского муниципального района Республики Татарстан","Семенов","Алмаз","Александрович","м","нет",9,9,95,0,95,100,"победитель",null,"Мубаракзянова Надия Харисовна","Муницпальное бюджетное общеобразовательное учреждение \"Центр образования Лицей №2 им.ак К.А. Валиева г. Мамадыш\" Мамадышского муниципального района Республики Татарстан","Геология"]
[22,"Мамадышский район","Муниципальное бюджетное  общеобразовательное   учреждение   «Усалинская средняя общеобразовательная  школа»  Мамадышского  муниципального  района  Республики  Татарстан","Нургалиев","Ильнур","Шахинурович","м","нет",9,9,92,0,92,100,"призер",null,"Валиева Гузель Миннуловна","Муницпальное бюджетное общеобразовательное учреждение \"Усалинская   средняя общеобразовательная школа\" Мамадышского муниципального района Республики Татарстан","Геология"]
[23,"Мамадышский район","Муниципальное бюджетное общеобразовательное учреждение \"Центр образования Лицей №2 имени академика Камиля Ахметовича Валиева города Мамадыш\" Мамадышского муниципального района Республики Татарстан","Шамсутдинов","Раиль","Раисович","м","нет",9,9,92,0,92,100,"призер",null,"Мубаракзянова Надия Харисовна","Муницпальное бюджетное общеобразовательное учреждение \"Центр образования Лицей №2 им.ак К.А. Валиева г. Мамадыш\" Мамадышского муниципального района Республики Татарстан","Геология"]
[24,"Мамадышский район","МБОУ \" СОШ №4 г.Мамадыш\"","Садыкова","Альбина","Алмазовна","ж","нет",9,9,91,0,91,100,"призер",null,"Запольская Елена Николаевна","Муницпальное бюджетное общеобразовательное учреждение \"Средняя общеобразовательная школа №4 г.Мамадыш\" Мамадышского муниципального района Республики Татарстан","Геология"]
[25,"Мамадышский район","МБОУ \" СОШ №4 г.Мамадыш\"","Федорова","Алина","Алексеевна","ж","нет",9,9,85,0,85,100,"призер",null,"Запольская Елена Николаевна","Муницпальное бюджетное общеобразовательное учреждение \"Средняя общеобразовательная школа №4 г.Мамадыш\" Мамадышского муниципального района Республики Татарстан","Геология"]
[26,"Мамадышский район","Муниципальное бюджетное общеобразовательное учреждение \"Средняя общеобразовательная школа №1 города Мамадыш\"","Салахов","Ильнар","Ильдарович","м","нет",9,9,80,0,80,100,"призер","Да","Хуснутдинова Фания Тафкилевна","Муницпальное бюджетное общеобразовательное учреждение \"Средняя общеобразовательная школа №1 г.Мамадыш\" Мамадышского муниципального района Республики Татарстан","Геология"]
[27,"Муслюмовский район","Муниципальное бюджетное общеобразовательное учреждение Муслюмовский лицей Муслюмовкого муниципального района РТ","Мухаметова","Рания","Рамилевна","ж","нет",9,9,92,0,92,100,"победитель","Да","Смелов Рустем Робертович","Муниципальное бюджетное общеобразовательное учреждение Муслюмовский лицей Муслюмовского муниципального района Республики Татарстан","Геология"]
[28,"Муслюмовский район","Муниципальное бюджетное общеобразовательное учреждение Муслюмовский лицей Муслюмовкого муниципального района РТ","Талипов","Инсаф","Инзилович","м","нет",9,9,80,0,80,100,"призер",null,"Смелов Рустем Робертович","Муниципальное бюджетное общеобразовательное учреждение Муслюмовский лицей Муслюмовского муниципального района Республики Татарстан","Геология"]
[29,"Набережные Челны","Муниципальное бюджетное общеобразовательное учреждение \"Средняя общеобразовательная школа №33\"","Салихова","Эльвина","Инзелевна","ж","нет",9,9,84,0,84,100,"победитель",null,"Салиева Гузель Рахимджановна","муниципальное бюджетное общеобразовательное учреждение \"Средняя общеобразовательная школа №33\"","Геология"]
[30,"Нижнекамский район","Муниципальное бюджетное общеобразовательное учреждение \"Гимназия №22\" Нижнекамского муниципального района Республики Татарстан","Саматов","Бахтияр","Ирекович","м","нет",9,9,71,0,71,100,"призер","Да","Латыпова Лилия Захраповна","Муниципальное бюджетное общеобразовательное учреждение \"Гимназия №22\" Нижнекамского муниципального района Республики Татарстан","Геология"]
[31,"Ново-Савиновский район","МБОУ \"Гимназия № 179-центр образования\" Ново-Савиновского района г.Казани","Васильев","Леонид","Александрович","м","нет",9,9,86,0,86,100,"победитель","да","Вилкова Людмила Петровна","МБОУ \"Гимназия №179-центр образования\"","Геология"]
[32,"Ново-Савиновский район","МБОУ \"Гимназия № 179-центр образования\" Ново-Савиновского района г.Казани","Шипов","Ярослав","Алексеевич","м","нет",9,9,80,0,80,100,"призер",null,"Вилкова Людмила Петровна","МБОУ \"Гимназия №179-центр образования\"","Геология"]
[33,"Ново-Савиновский район","МБОУ \"Гимназия № 179-центр образования\" Ново-Савиновского района г.Казани","Слободянюк","Дмитрий","Андреевич","м","нет",9,9,78,0,78,100,"призер","да","Вилкова Людмила Петровна","МБОУ \"Гимназия №179-центр образования\"","Геология"]
[34,"Новошешминский район","муниципальное бюджетное общеобразовательное учреждение «Новошешминская средняя общеобразовательная школа Новошешминского муниципального района Республики Татарстан»","Янова","Дарья","Александровна","ж","нет",9,9,84,0,84,100,"победитель",null,"Холина Наталья Николаевна","МБОУ \"Новошешминская СОШ\"","Геология"]
[35,"Нурлатский район","Муниципальное автономное общеобразовательное учреждение \"Нурлатская гимназия им. М.Е. Сергеева» г.Нурлат Республики Татарстан","Сафин","Дамир","Олегович","м",null,9,9,88,0,88,100,"победитель","Да","Гайнуллина Эльмира Хамзиевна","МАОУ \"Нурлатская гимназия им.М.Е.Сергеева\", г.Нурлат","Геология"]
[36,"Нурлатский район","МАОУ \"СОШ № 4\" г.Нурлат","Холкин","Ярослав","Вячеславович","м",null,9,9,76,0,76,100,"призер","Да","Шойтова Наталья Николаевка","Муниципальное автономное общеобразовательное учреждение \"Средняя общеобразовательная школа №4\" г.Нурлат Республики Татарстан","Геология"]
[37,"Сабинский район","Муниципальное бюджетное общеобразовательное учреждение \"Сатышевская средняя общеобразовательная школа Сабинского муниципального района Республики Татарстан им. Ш.З.Зиннурова\"","Сабиров","Алмаз","Маратович","м","нет",9,9,77,0,77,100,"победитель","Да","Хасанова Венера Ризвановна","Муниципальное бюджетное общеобразовательное учреждение \"Сатышевская средняя общеобразовательная школа Сабинского муниципального района Республики Татарстан им. Ш.З.Зиннурова\"","Геология"]
[38,"Сабинский район","Муниципальное бюджетное общеобразовательное учреждение \"Шеморданский лицей \"Рост\" Сабинского муниципального района Республики Татарстан\"","Гарифуллин","Арсен","Тимурович","м","нет",9,9,75,0,75,100,"призер",null,"Миннеханов Алмаз Ильшатович","Муниципальное бюджетное общеобразовательное учреждение \"Шеморданский лицей \"Рост\" Сабинского муниципального района Республики Татарстан\"","Геология"]
[39,"Тетюшский район","Муниципальное бюджетное общеобразовательное учреждение «Тетюшская средняя общеобразовательная школа №1 имени Героя Советского Союза Ханжина Павла Семеновича» Тетюшского муниципального района Республики Татарстан","Никитина","Кира","Сергеевна","ж","нет",9,9,100,0,100,100,"победитель",null,"Горшкова Наталья Анатольевна","МБОУ\"ТСОШ№1им.Ханжина П.С.\"","Геология"]
[40,"Тетюшский район","Муниципальное бюджетное общеобразовательное учреждение «Тетюшская средняя общеобразовательная школа №1 имени Героя Советского Союза Ханжина Павла Семеновича» Тетюшского муниципального района Республики Татарстан","Левин","Ярослав","Антонович","м","нет",9,9,91,0,91,100,"призер","Да","Горшкова Наталья Анатольевна","МБОУ\"ТСОШ№1им.Ханжина П.С.\"","Геология"]
[41,"Тетюшский район","Муниципальное бюджетное общеобразовательное учреждение «Тетюшская средняя общеобразовательная школа №1 имени Героя Советского Союза Ханжина Павла Семеновича» Тетюшского муниципального района Республики Татарстан","Марготнова","Яна","Дмитриевна","ж","нет",9,9,90,0,90,100,"призер","Да","Горшкова Наталья Анатольевна","МБОУ\"ТСОШ№1им.Ханжина П.С.\"","Геология"]
[42,"Тетюшский район","Муниципальное бюджетное общеобразовательное учреждение «Тетюшская средняя общеобразовательная школа №1 имени Героя Советского Союза Ханжина Павла Семеновича» Тетюшского муниципального района Республики Татарстан","Рахимова","Диляра","Ильнуровна","ж","нет",9,9,90,0,90,100,"призер","Да","Горшкова Наталья Анатольевна","МБОУ\"ТСОШ№1им.Ханжина П.С.\"","Геология"]
[43,"Тетюшский район","Муниципальное бюджетное общеобразовательное учреждение «Тетюшская средняя общеобразовательная школа №1 имени Героя Советского Союза Ханжина Павла Семеновича» Тетюшского муниципального района Республики Татарстан","Кильганова","Ульяна","Денисовна","ж","нет",9,9,86,0,86,100,"призер",null,"Горшкова Наталья Анатольевна","МБОУ\"ТСОШ№1им.Ханжина П.С.\"","Геология"]
[44,"Тетюшский район","Муниципальное бюджетное общеобразовательное учреждение «Тетюшская средняя общеобразовательная школа №2 имени Героя Российской Федерации Андрея Андреевича Соколовского» Тетюшского муниципального района Республики Татарстан","Кабанов","Владимир","Денисович","м","нет",9,9,79,0,79,100,"участник",null,"Хатыпова Дилбяр Гильмановна","МБОУ \"ТСОШ№2 им.А.А.Соколовского\"","Геология"]
[45,"Тетюшский район","ГБОУ «Тетюшская кадетская школа-интернат\"","Голудец","Ярослав","Сергеевич","м","нет",9,9,74,0,74,100,"участник",null,"Мустаева Лариса Николаевна","Государственное бюджетное общеобразовательное учреждение «Тетюшская кадетская школа-интернат имени генерал - майора Хапаева Владимира Аверкиевича»","Геология"]
[46,"Тукаевский район","Муниципальное бюджетное образовательное учреждение \"Мелекесская средняя общеобразовательная школа с углубленным изучением отдельных предметов\" Тукаевского муниципального района РТ","Шайхутдинов","Ильшат","Русланович","м","нет",9,9,83,0,83,100,"победитель",null,"Иванова Чулпан Валентиновна","МБОУ «Мелекесская СОШ углубленным изучением отдельных предметов» Тукаевского муниципального района РТ","Геология"]
[47,"Тукаевский район","Муниципальное бюджетное общеобразовательное учреждение «Мусабай-Заводская средняя общеобразовательная школа» Тукаевского муниципального района Республики Татарстан","Ишмакаев","Амир","Рамисович","м","нет",9,9,80,0,80,100,"победитель",null,"Калимуллина Сирена Ревовна","МБОУ \"Мусабай-Заводская СОШ\" Тукаевского муниципального района РТ","Геология"]
[48,"Тукаевский район","Муниципальное бюджетное образовательное учреждение \"Мелекесская средняя общеобразовательная школа с углубленным изучением отдельных предметов\" Тукаевского муниципального района РТ","Клыпин","Егор","Алексеевич","м","нет",9,9,75,0,75,100,"призер",null,"Иванова Чулпан Валентиновна","МБОУ «Мелекесская СОШ углубленным изучением отдельных предметов» Тукаевского муниципального района РТ","Геология"]
[49,"Ютазинский район","МБОУ \"Уруссинская гимназия\"","Афанасьев","Станислав","Геннадьевич","м","нет",9,9,84,0,84,100,"победитель",null,"Галимова Зульфия Ханифовна","МБОУ \"Уруссинская гимназия\" Ютазинского МР РТ","Геология"]
[50,"Ютазинский район","Муниципальное бюджетное общеобразовательное учреждение \"Уруссинская средняя общеобразовательная школа№2\" Ютазинского муниципального района Республики Татарстан","Глухова","Елизавета","Дмитриевна","ж","нет",9,9,75,0,75,100,"призер",null,"Гильфанова Луиза Анваровна","МБОУ \"Уруссинская СОШ № 2\" Ютазинского МР РТ","Геология"]